|
|
|
|
| LEADER |
00689nam a2200241Ia 4500 |
| 008 |
240830s9999 xx 000 0 und d |
| 020 |
|
|
|a 978-607-15-0291
|
| 040 |
|
|
|a CEDOC FIQ-RUSB / 001.42 H557
|
| 041 |
|
|
|a spa
|
| 082 |
|
|
|a 001.42 H557
|
| 100 |
1 |
|
|a Hernandez Sampieri, Roberto
|
| 100 |
1 |
|
|b Fernández Collado, Carlos
|
| 245 |
1 |
0 |
|a Metodología de la investigación
|
| 250 |
|
|
|a 5a.ed
|
| 260 |
|
|
|a México
|b McGraw-Hill
|c 2010
|
| 300 |
|
|
|a XL, 813 p
|
| 650 |
7 |
|
|a METODOS DE INVESTIGACION
|
| 650 |
7 |
|
|b DISEÑO DE INVESTIGACION
|
| 650 |
7 |
|
|c PROCESOS MIXTOS DE INVESTIGACION
|
| 650 |
7 |
|
|d Baptista Lucio, María del Pilar
|
| 942 |
|
|
|c BK
|2 ddc
|
| 991 |
|
|
|a TEXTO
|
| 999 |
|
|
|c 13590
|